Coração (Registo nº 75998)

Detalhes MARC
000 -Etiqueta do registo
campo de controlo de comprimento fixo 00655 2200205 4500
001 - Identificador do registo
Campo de controlo 75998
005 - Identificador da versão
Campo de controlo 20260319114727.0
100 ## - Dados Gerais de Proc.
Dados gerais de processamento 20260319ds.d a||y0pory50 ba
101 0# - Língua da publicação
Língua do texto, banda sonora, etc. Português
102 ## - País de Publicação
País de publicação Portugal
200 1# - Título
Título próprio Coração
Informação de outro título diário de um estudante
Primeira menção de responsabilidade Edmundo de Amicis
Outras menções de responsabilidade ilust. Guido Bertello
-- versão portuguesa de Ricardo Alberty
210 ## - Publicação, Distribuição
Lugar da edição, distribuição, etc. Lisboa
Nome do editor, distribuidor, etc. Verbo
Data da publicação, distribuição, etc. [s.d]
215 ## - Descrição física
Descrição física 140, [1] p.
Outras indicações físicas il.
225 2# - Colecção
Título próprio da colecção Grandes tesouros da literatura infantil
606 ## - Nome comum
Elemento de entrada Literatura infantojuvenil
Koha Internal code 2108
Subdivisão de assunto Diário
675 ## - CDU
Notação 087.5-053.6
Edição BN
Língua da edição Português
675 ## - CDU
Notação 821.131.1-94
Edição BN
Língua da edição Português
702 ## - Responsabilidade secundária
Palavra de ordem Alberty
Outra parte do nome Ricardo
Datas 1919-1992
Código de função Tradutor
Koha Internal Code 6306
090 ## - Números de controlo do sistema (Koha)
Número biblioitem do Koha (gerado automaticamente) 75998
942 ## - Elementos de entrada adicionados (Koha)
Tipo de item no Koha Monografias
Suprimido Disponível no OPAC
Exemplares
Removido (estado) Perdido (estado) Data de aquisição Origem do registo (biblioteca) (codificado) Código da organização que empresta ou é detentora (biblioteca) Código de barras Número de inventário Cota Tipo de circulação (não pode ser emprestado) Tipo de item e material
Disponível Disponível 2026-03-19 Biblioteca EB23 D. Paio Peres Correia Biblioteca EB23 D. Paio Peres Correia BEDPPC10695 10695 82.03-31 AMI Normal Monografias